000 00902nam a2200229Ia 4500
001 11476
003 GE_BSU
008 181216s||||||||xx |||||||||||||| ||und||
040 _cGE_BSU
080 _a638.2(479.22)(09)+392(=353.1)
100 _aაბესაძე,ნანული.
245 _aმეაბრეშუმეობა საქართველოში.
245 _bეთნოგრაფიული მასალების მიხედვით.
245 _cრედ:გ.ჩიტაია.
260 _aთბილისი.
260 _bსამეც. მეთოდ. კაბინეტის გამ–ბა.
260 _c1957.
300 _a217გვ;20სმ.
300 _eილუსტრაციები გვ:196–216.
653 _aმეაბრეშუმეობა საქართველოში.
942 _cBK
999 _c44673
_d44673